00528nam a2200157Ia 4500100003000000650001600030942000700046366000900053245004600062260002700108082001900135300000800154546001200162999001700174952017900191 aHaggard/Gary/ Schlip F.J  aMathematics cBK f17.5 aDiscrete Mathematics for Computer Science bCengage Learningc2006 a003.3/HAGbHAG a600 aENGLISH c19776d19776 001040708CRCaCRCEbCRCEd2023-03-17eEducational books and periodicalsg357.23i258 dt 27/04/2009l3o003.3/HAG HAGp19555r2025-12-12s2025-07-04v433.00w0000-00-00yBK